000
00338 a2200109 4500
001
ART_52654
005
20260410162029.0
008
260409a
245
1
0
_a
El régimen de la acción civil de extinción de dominio
100
1
_a
Humphreys, Ethel
773
0
_t
Temas de derecho procesal
_g
- N° 6 (jun. 2021)
_w
REV44095
999
_c
33800
_d
33800